[Event "Hampshire Open"]
[Site "Eastleigh"]
[Date "2015.11.08"]
[Round "5"]
[White "Brown, Rowan M"]
[Black "Tambini, Jasper"]
[Result "1-0"]
[WhiteElo "2296"]
[BlackElo "2120"]
[PlyCount "105"]
[EventDate "2015.11.06"]
[EventType "swiss"]
[EventRounds "6"]
[EventCountry "ENG"]
[SourceTitle "BritBase"]
[Source "John Saunders"]
[SourceDate "2015.11.12"]
[SourceVersion "1"]
[SourceVersionDate "2015.11.12"]
[SourceQuality "1"]

1. e4 e5 2. Nf3 Nc6 3. d4 exd4 4. Nxd4 Nf6 5. Nxc6 bxc6 6. e5 Qe7 7. Qe2 Nd5 8. c4 Ba6 9. Nd2 Nb4 10. Kd1 c5 11. Nf3 Nc6 12. b3 Qe6 13. Bb2 Be7 14. a3 Na5 15. Kc2 d5 16. exd6 Qxd6 17. Re1 Nc6 18. Qd3 O-O 19. Qxd6 Bxd6 20. Bd3 Rab8 21. Bc3 Bb7 22. Be4 Rfe8 23. Bd5 Nd4+ 24. Bxd4 Bxd5 25. cxd5 cxd4 26. Nxd4 Bxa3 27. Nc6 Rxe1 28. Rxe1 Ra8 29. b4 a5 30. Ra1 axb4 31. Nxb4 Ra4 32. Nc6 Rf4 33. Rxa3 Rxf2+ 34. Kb3 h5 35. Ra2 Rxa2 36. Kxa2 f5 37. Ne7+ Kf7 38. Nxf5 g5 39. Kb3 Kf6 40. Ne3 Ke5 41. Kc3 Ke4 42. Kd2 Kd4 43. Ke2 Ke4 44. Kf2 Kd4 45. Kf3 Ke5 46. g3 Kd4 47. h4 gxh4 48. gxh4 Ke5 49. Ng2 Kxd5 50. Nf4+ Kd4 51. Nxh5 c5 52. Nf4 c4 53. h5 1-0

[Event "Hampshire Open"]
[Site "Eastleigh"]
[Date "2015.11.08"]
[Round "5"]
[White "Pye, David E"]
[Black "Bogdan, Horia"]
[Result "1/2-1/2"]
[WhiteElo "2264"]
[BlackElo "1976"]
[PlyCount "43"]
[EventDate "2015.11.06"]
[EventType "swiss"]
[EventRounds "6"]
[EventCountry "ENG"]
[SourceTitle "BritBase"]
[Source "John Saunders"]
[SourceDate "2015.11.12"]
[SourceVersion "1"]
[SourceVersionDate "2015.11.12"]
[SourceQuality "1"]

1. e4 e5 2. Nf3 Nc6 3. Bb5 a6 4. Bxc6 dxc6 5. O-O Ne7 6. Nxe5 Qd4 7. Qh5 g6 8. Nf3 Qxe4 9. Qa5 Bg4 10. Nc3 Qf5 11. Qxf5 Bxf5 12. d3 O-O-O 13. Ng5 Be6 14. Nxe6 fxe6 15. Re1 Nf5 16. Be3 Bg7 17. Rab1 Nxe3 18. Rxe3 Bxc3 19. bxc3 Rde8 20. Rb4 Rhf8 21. Re5 b6 22. Kf1 1/2-1/2

[Event "Hampshire Open"]
[Site "Eastleigh"]
[Date "2015.11.08"]
[Round "5"]
[White "Corkett, Anthony R"]
[Black "Butcher, Doug"]
[Result "1-0"]
[WhiteElo "2320"]
[BlackElo "1928"]
[PlyCount "73"]
[EventDate "2015.11.06"]
[EventType "swiss"]
[EventRounds "6"]
[EventCountry "ENG"]
[SourceTitle "BritBase"]
[Source "John Saunders"]
[SourceDate "2015.11.12"]
[SourceVersion "1"]
[SourceVersionDate "2015.11.12"]
[SourceQuality "1"]

1. d4 e6 2. Nf3 b6 3. g3 Bb7 4. Bg2 Nf6 5. O-O c5 6. c4 cxd4 7. Nxd4 Bxg2 8. Kxg2 Nc6 9. Nxc6 dxc6 10. Qa4 Qc7 11. Nc3 Be7 12. Bf4 Qb7 13. Rad1 O-O 14. Bd6 Bxd6 15. Rxd6 b5 16. Qc2 bxc4 17. Rd2 Rad8 18. Rfd1 Qc7 19. Qa4 Rxd2 20. Rxd2 Rd8 21. Qxa7 Qb8 22. Rxd8+ Qxd8 23. Qa6 Nd5 24. Qxc6 Nb6 25. a4 Qa8 26. Qxa8+ Nxa8 27. Kf3 f5 28. Kf4 Kf7 29. Ke5 Ke7 30. a5 Kd7 31. Kd4 Kc6 32. Kxc4 Kb7 33. Nb5 Ka6 34. b4 g5 35. Kc5 e5 36. Kc6 f4 37. Nd6 1-0

[Event "Hampshire Open"]
[Site "Eastleigh"]
[Date "2015.11.08"]
[Round "5"]
[White "Lock, Gavin R"]
[Black "Stimpson, Philip M"]
[Result "1-0"]
[WhiteElo "2208"]
[BlackElo "1984"]
[PlyCount "85"]
[EventDate "2015.11.06"]
[EventType "swiss"]
[EventRounds "6"]
[EventCountry "ENG"]
[SourceTitle "BritBase"]
[Source "John Saunders"]
[SourceDate "2015.11.12"]
[SourceVersion "1"]
[SourceVersionDate "2015.11.12"]
[SourceQuality "1"]

1. d4 Nf6 2. Bg5 Ne4 3. Bf4 c5 4. f3 Qa5+ 5. c3 Nf6 6. d5 d6 7. e4 Nbd7 8. Nh3 g6 9. Nf2 Bg7 10. Nd2 Nh5 11. Be3 O-O 12. g4 Nhf6 13. a4 Qc7 14. Be2 e6 15. dxe6 fxe6 16. g5 Nh5 17. Nc4 Ne5 18. Qxd6 Qxd6 19. Nxd6 Nxf3+ 20. Bxf3 Rxf3 21. Ke2 Rf8 22. Nxc8 Raxc8 23. Rad1 Nf4+ 24. Bxf4 Rxf4 25. Rd7 Rcf8 26. Rf1 Be5 27. Rxb7 Rf3 28. Ng4 Rxf1 29. Nxe5 R1f2+ 30. Kd3 Rxh2 31. Ng4 Rh3+ 32. Kc4 Rh4 33. Nf6+ Rxf6 34. gxf6 Rxe4+ 35. Kxc5 Rxa4 36. Kd6 Rf4 37. Ke7 h5 38. Rb8+ Kh7 39. f7 a5 40. f8=Q Rxf8 41. Rxf8 Kh6 42. Kxe6 h4 43. Rh8+ 1-0

[Event "Hampshire Open"]
[Site "Eastleigh"]
[Date "2015.11.08"]
[Round "5"]
[White "Fowler, David"]
[Black "Chapman, Matt"]
[Result "1-0"]
[WhiteElo "2008"]
[BlackElo "1896"]
[PlyCount "55"]
[EventDate "2015.11.06"]
[EventType "swiss"]
[EventRounds "6"]
[EventCountry "ENG"]
[SourceTitle "BritBase"]
[Source "John Saunders"]
[SourceDate "2015.11.12"]
[SourceVersion "1"]
[SourceVersionDate "2015.11.12"]
[SourceQuality "1"]

1. e4 c6 2. d4 d5 3. e5 Bf5 4. Nf3 e6 5. Be2 c5 6. O-O Nc6 7. Be3 Qc7 8. c4 Nge7 9. Nc3 a6 10. Rc1 dxc4 11. Bxc4 cxd4 12. Nxd4 Nxd4 13. Bxd4 Nc6 14. Qa4 Rc8 15. Be2 Be7 16. Bf3 O-O 17. Ne4 Qb8 18. Nd6 Nxd4 19. Qxd4 Bxd6 20. exd6 Rcd8 21. Rfd1 Rd7 22. Qb6 Rc8 23. Rxc8+ Qxc8 24. Bxb7 Rxb7 25. Qxb7 Qxb7 26. d7 Qxd7 27. Rxd7 g6 28. Rd6 1-0

[Event "Hampshire Open"]
[Site "Eastleigh"]
[Date "2015.11.08"]
[Round "5"]
[White "Heath, David R"]
[Black "Bird, Tom"]
[Result "1/2-1/2"]
[WhiteElo "1896"]
[BlackElo "1928"]
[PlyCount "125"]
[EventDate "2015.11.06"]
[EventType "swiss"]
[EventRounds "6"]
[EventCountry "ENG"]
[SourceTitle "BritBase"]
[Source "John Saunders"]
[SourceDate "2015.11.12"]
[SourceVersion "1"]
[SourceVersionDate "2015.11.12"]
[SourceQuality "1"]

1. d4 d5 2. Nf3 Nf6 3. e3 e6 4. Bd3 Be7 5. O-O O-O 6. Nbd2 b6 7. Qe2 c5 8. b3 Bb7 9. Bb2 Nbd7 10. Ne5 Nxe5 11. dxe5 Ne4 12. Rad1 Qc7 13. f4 Rac8 14. c4 Nxd2 15. Rxd2 dxc4 16. Bxc4 Rcd8 17. Rfd1 Rxd2 18. Rxd2 Rd8 19. Qd1 Be4 20. Bc3 Rxd2 21. Qxd2 Qd8 22. Qxd8+ Bxd8 23. Kf2 Kf8 24. g3 Ke7 25. Bb5 Bb7 26. Bd3 g6 27. Ke2 Kd7 28. Kd2 Be7 29. Bb2 Bc6 30. a4 Kc7 31. Ba6 Bb7 32. Bd3 Bc6 33. Ba6 Bb7 34. Bd3 Bd5 35. Kc3 Kb7 36. g4 Bf3 37. g5 Bc6 38. h4 a6 39. Bc1 b5 40. axb5 axb5 41. Bd2 Bd8 42. Kb2 Ka6 43. b4 cxb4 44. Bxb4 Ba5 45. Kc3 Kb6 46. Bc2 Bd5 47. Bd3 Ka6 48. Bc2 Bb6 49. Kd2 Kb7 50. Bd3 Kc6 51. Bc2 Bc5 52. Bc3 b4 53. Bb2 Kb5 54. Bd3+ Ka4 55. Bc2+ b3 56. Bd1 Bb4+ 57. Kd3 Ba3 58. Kc3 Bxb2+ 59. Kxb2 Kb4 60. Be2 Bc6 61. Bd3 Bf3 62. Ba6 Bd5 63. Bd3 1/2-1/2

[Event "Hampshire Open"]
[Site "Eastleigh"]
[Date "2015.11.08"]
[Round "6"]
[White "Pye, David E"]
[Black "Brown, Rowan M"]
[Result "0-1"]
[WhiteElo "2264"]
[BlackElo "2296"]
[PlyCount "58"]
[EventDate "2015.11.06"]
[EventType "swiss"]
[EventRounds "6"]
[EventCountry "ENG"]
[SourceTitle "BritBase"]
[Source "John Saunders"]
[SourceDate "2015.11.12"]
[SourceVersion "1"]
[SourceVersionDate "2015.11.12"]
[SourceQuality "1"]

1. e4 d6 2. d4 Nf6 3. Nc3 g6 4. Bg5 c6 5. Qd2 Qa5 6. Bc4 Bg7 7. f4 b5 8. Bd3 b4 9. Nce2 e5 10. Nf3 exd4 11. Nexd4 O-O 12. a3 c5 13. Nb3 Qb6 14. axb4 c4 15. Bxf6 Bxf6 16. Bxc4 Bxb2 17. Ra2 Bg7 18. Kd1 Bb7 19. Kc1 Bxe4 20. Ng5 d5 21. Bxd5 Bxd5 22. Qxd5 Nc6 23. Qc5 Nxb4 24. Ra5 Nd3+ 25. cxd3 Rfc8 26. Kc2 Bd4 27. Qc4 Rxc4+ 28. dxc4 Qb4 29. Rb1 Qxc4+ 0-1

[Event "Hampshire Open"]
[Site "Eastleigh"]
[Date "2015.11.08"]
[Round "6"]
[White "Tambini, Jasper"]
[Black "Corkett, Anthony R"]
[Result "0-1"]
[WhiteElo "2120"]
[BlackElo "2320"]
[PlyCount "106"]
[EventDate "2015.11.06"]
[EventType "swiss"]
[EventRounds "6"]
[EventCountry "ENG"]
[SourceTitle "BritBase"]
[Source "John Saunders"]
[SourceDate "2015.11.12"]
[SourceVersion "1"]
[SourceVersionDate "2015.11.12"]
[SourceQuality "1"]

1. e4 c5 2. Nc3 a6 3. a4 e6 4. f4 d5 5. Nf3 Nc6 6. g3 Be7 7. Bg2 Nf6 8. Qe2 Nd4 9. Qd3 Nc6 10. Qe2 Nxe4 11. Nxe4 dxe4 12. Qxe4 Nb4 13. Ne5 f6 14. c3 f5 15. Qb1 Nd5 16. O-O O-O 17. b3 Bd6 18. Nc4 a5 19. Ba3 Be7 20. Qe1 Rb8 21. Qe5 Ra8 22. Bxd5 exd5 23. Ne3 Kh8 24. Nxd5 Bd6 25. Qe3 b6 26. Rfe1 Ra7 27. c4 Rd7 28. d4 Bb7 29. dxc5 Bxc5 30. Bxc5 bxc5 31. Qxc5 Bxd5 32. cxd5 Rxd5 33. Qe7 Qb6+ 34. Kh1 Rdd8 35. Rad1 Qc6+ 36. Kg1 Rde8 37. Qa7 Qc2 38. Qxa5 Qxb3 39. Qb5 Qf7 40. Rxe8 Rxe8 41. Qd7 Qf8 42. Rd6 h6 43. a5 Re7 44. Qd8 Re8 45. Qb6 Rb8 46. Qd4 Kh7 47. a6 Qc8 48. Rd7 Qc1+ 49. Qd1 Qe3+ 50. Kg2 Rb2+ 51. Kh3 Qf2 52. Qh1 Qe2 53. Qd1 Qxh2# 0-1

[Event "Hampshire Open"]
[Site "Eastleigh"]
[Date "2015.11.08"]
[Round "6"]
[White "Fowler, David"]
[Black "Lock, Gavin R"]
[Result "0-1"]
[WhiteElo "2008"]
[BlackElo "2208"]
[PlyCount "64"]
[EventDate "2015.11.06"]
[EventType "swiss"]
[EventRounds "6"]
[EventCountry "ENG"]
[SourceTitle "BritBase"]
[Source "John Saunders"]
[SourceDate "2015.11.12"]
[SourceVersion "1"]
[SourceVersionDate "2015.11.12"]
[SourceQuality "1"]

1. e4 e6 2. d4 d5 3. Nc3 Nc6 4. Nf3 Nf6 5. Bg5 Be7 6. e5 Ne4 7. Bxe7 Qxe7 8. a3 Bd7 9. Bd3 Ng5 10. Be2 Nxf3+ 11. Bxf3 f6 12. Bxd5 O-O-O 13. exf6 Qxf6 14. Be4 Nxd4 15. O-O e5 16. Nd5 Qh4 17. f3 Bb5 18. g3 Qh6 19. Re1 Bc4 20. Ne7+ Kb8 21. Qb1 Rhe8 22. b3 Ne2+ 23. Rxe2 Bxe2 24. Nf5 Qb6+ 25. Kg2 g6 26. Nh4 Rd2 27. Kh3 Qe6+ 28. g4 h5 29. Qg1 Rh8 30. Bxg6 Bxf3 31. Nxf3 hxg4+ 32. Kg3 Rh3# 0-1

[Event "Hampshire Open"]
[Site "Eastleigh"]
[Date "2015.11.08"]
[Round "6"]
[White "Bogdan, Horia"]
[Black "Heath, David R"]
[Result "1-0"]
[WhiteElo "1976"]
[BlackElo "1896"]
[PlyCount "71"]
[EventDate "2015.11.06"]
[EventType "swiss"]
[EventRounds "6"]
[EventCountry "ENG"]
[SourceTitle "BritBase"]
[Source "John Saunders"]
[SourceDate "2015.11.12"]
[SourceVersion "1"]
[SourceVersionDate "2015.11.12"]
[SourceQuality "1"]

1. d4 Nf6 2. Bg5 Ne4 3. Bf4 g5 4. Be5 Rg8 5. e3 d6 6. Bg3 Bf5 7. Qf3 e6 8. Bd3 d5 9. Qe2 Nd7 10. Bxe4 dxe4 11. Nc3 Nb6 12. Nb5 Bd6 13. Nxd6+ cxd6 14. Qb5+ Qd7 15. Qb4 Rd8 16. Ne2 Nd5 17. Qa3 Ke7 18. c4 Nb6 19. b3 Qc6 20. Rc1 Nd7 21. d5 Qa6 22. Qxa6 bxa6 23. Nd4 Nb8 24. c5 dxc5 25. Bxb8 cxd4 26. d6+ Kf6 27. Bc7 dxe3 28. Bxd8+ Rxd8 29. fxe3 Rxd6 30. O-O Ke7 31. Rc7+ Rd7 32. Rxd7+ Kxd7 33. g4 Bg6 34. Rc1 f6 35. Rc4 h5 36. Ra4 1-0

[Event "Hampshire Open"]
[Site "Eastleigh"]
[Date "2015.11.08"]
[Round "6"]
[White "Butcher, Doug"]
[Black "Stimpson, Philip M"]
[Result "0-1"]
[WhiteElo "1928"]
[BlackElo "1984"]
[PlyCount "84"]
[EventDate "2015.11.06"]
[EventType "swiss"]
[EventRounds "6"]
[EventCountry "ENG"]
[SourceTitle "BritBase"]
[Source "John Saunders"]
[SourceDate "2015.11.12"]
[SourceVersion "1"]
[SourceVersionDate "2015.11.12"]
[SourceQuality "1"]

1. b3 d5 2. Bb2 c5 3. e3 Nf6 4. f4 g6 5. Nf3 Bg7 6. Bb5+ Nc6 7. Bxc6+ bxc6 8. d3 O-O 9. O-O Qb6 10. Qe1 c4 11. dxc4 dxc4 12. Nbd2 Ba6 13. Ne5 cxb3 14. Ndc4 Bxc4 15. Nxc4 Qb5 16. cxb3 Rad8 17. Rd1 Qf5 18. Qe2 a5 19. Rxd8 Rxd8 20. Rd1 Rd5 21. Rxd5 cxd5 22. Na3 Qe4 23. h3 Nh5 24. Bxg7 Nxg7 25. g4 h5 26. Kf2 hxg4 27. hxg4 Ne6 28. Nb5 d4 29. Nxd4 Nxd4 30. exd4 Qxf4+ 31. Ke1 Qxd4 32. Qd1 Qxd1+ 33. Kxd1 Kf8 34. Kd2 f5 35. Ke3 e5 36. a3 Ke7 37. b4 axb4 38. axb4 Kd6 39. Kd3 Kc6 40. Kc4 e4 41. Kd4 Kb5 42. Kc3 f4 0-1

[Event "Hampshire Major"]
[Site "Eastleigh"]
[Date "2015.11.06"]
[Round "1"]
[White "Symons, John"]
[Black "Allen, Les"]
[Result "0-1"]
[WhiteElo "1728"]
[BlackElo "1872"]
[PlyCount "79"]
[EventDate "2015.11.06"]
[EventType "swiss"]
[EventRounds "6"]
[EventCountry "ENG"]
[SourceTitle "BritBase"]
[Source "John Saunders"]
[SourceDate "2015.11.13"]
[SourceVersion "1"]
[SourceVersionDate "2015.11.13"]
[SourceQuality "1"]

1. e4 d6 2. d4 Nf6 3. Nc3 c6 4. Bd3 e5 5. dxe5 dxe5 6. Bg5 Be7 7. Nf3 Nbd7 8. Qe2 O-O 9. O-O Qc7 10. a4 Nc5 11. Bc4 Bg4 12. h3 Be6 13. Bxe6 Nxe6 14. Be3 Nh5 15. Qc4 Kh8 16. Rfd1 a6 17. a5 Bf6 18. Bb6 Qc8 19. Na4 Nhf4 20. Rd2 Nxh3+ 21. gxh3 Nf4 22. Qf1 Nxh3+ 23. Kh1 Qg4 24. Qg2 Qh5 25. Nh2 Bg5 26. Be3 Rad8 27. Bxg5 Nxg5 28. Rad1 Qxd1+ 29. Rxd1 Rxd1+ 30. Nf1 h6 31. Kh2 Rd4 32. Nc5 Rc4 33. Nd3 Rxe4 34. Ng3 Rh4+ 35. Kg1 e4 36. Nf5 Rh3 37. Nf4 Rf3 38. Qg4 Rxf4 39. Qg3 Nf3+ 40. Kg2 0-1

[Event "Hampshire Major"]
[Site "Eastleigh"]
[Date "2015.11.06"]
[Round "1"]
[White "Jones, Gareth A"]
[Black "Matthew, Ian G"]
[Result "0-1"]
[WhiteElo "1872"]
[BlackElo "1704"]
[PlyCount "58"]
[EventDate "2015.11.06"]
[EventType "swiss"]
[EventRounds "6"]
[EventCountry "ENG"]
[SourceTitle "BritBase"]
[Source "John Saunders"]
[SourceDate "2015.11.13"]
[SourceVersion "1"]
[SourceVersionDate "2015.11.13"]
[SourceQuality "1"]

1. Nf3 d5 2. g3 Nc6 3. d4 Bg4 4. Bg2 Qd7 5. Ne5 Nxe5 6. dxe5 e6 7. O-O Bc5 8. c4 Ne7 9. a3 a6 10. Qc2 Bf5 11. e4 Bxe4 12. Bxe4 dxe4 13. Qxe4 Qc6 14. Re1 Qxe4 15. Rxe4 Rd8 16. Nc3 Rd3 17. Ne2 Nf5 18. b4 Ba7 19. Bb2 O-O 20. Kf1 Rfd8 21. Ke1 Rf3 22. c5 b6 23. g4 Ne7 24. Bd4 Rd3 25. Be3 Nd5 26. Nd4 Nc3 27. Rf4 bxc5 28. bxc5 Bxc5 29. Rc1 Bxa3 0-1

[Event "Hampshire Major"]
[Site "Eastleigh"]
[Date "2015.11.06"]
[Round "1"]
[White "Agostinelli, Dave"]
[Black "Wilson, Matthew R"]
[Result "0-1"]
[WhiteElo "1688"]
[BlackElo "1872"]
[PlyCount "64"]
[EventDate "2015.11.06"]
[EventType "swiss"]
[EventRounds "6"]
[EventCountry "ENG"]
[SourceTitle "BritBase"]
[Source "John Saunders"]
[SourceDate "2015.11.13"]
[SourceVersion "1"]
[SourceVersionDate "2015.11.13"]
[SourceQuality "1"]

1. c4 Nf6 2. Nf3 e6 3. d4 Bb4+ 4. Bd2 a5 5. Nc3 O-O 6. a3 Bxc3 7. Bxc3 Ne4 8. Rc1 d6 9. e3 Qe7 10. Bd3 Nxc3 11. Rxc3 e5 12. O-O e4 13. Be2 exf3 14. Bxf3 Nd7 15. e4 b6 16. e5 Rb8 17. exd6 Qxd6 18. c5 bxc5 19. dxc5 Qxd1 20. Rxd1 Rxb2 21. Rcd3 Ne5 22. Rd5 Nxf3+ 23. gxf3 Bh3 24. f4 Rb3 25. R5d3 Rxd3 26. Rxd3 Bf5 27. Re3 Be6 28. h4 g6 29. Kh2 Kg7 30. Kg3 h5 31. Re5 Kf6 32. Kf3 Rb8 {... illegible, 0-1, 37 moves.} 0-1

[Event "Hampshire Major"]
[Site "Eastleigh"]
[Date "2015.11.06"]
[Round "1"]
[White "Desmedt, Richard"]
[Black "Hurn, Paul"]
[Result "1-0"]
[WhiteElo "1816"]
[BlackElo "1688"]
[PlyCount "91"]
[EventDate "2015.11.06"]
[EventType "swiss"]
[EventRounds "6"]
[EventCountry "ENG"]
[SourceTitle "BritBase"]
[Source "John Saunders"]
[SourceDate "2015.11.13"]
[SourceVersion "1"]
[SourceVersionDate "2015.11.13"]
[SourceQuality "1"]

1. e4 c5 2. d4 cxd4 3. c3 dxc3 4. Nxc3 Nc6 5. Nf3 d6 6. Bc4 Nf6 7. e5 dxe5 8. Qxd8+ Nxd8 9. Nb5 Ne6 10. Bxe6 Bxe6 11. Nc7+ Kd8 12. Nxa8 Kc8 13. Be3 Kb8 14. Nb6 axb6 15. Bxb6 Nd7 16. Be3 Bd5 17. O-O e4 18. Rfd1 e6 19. Nd4 Bd6 20. Nb5 Bc5 21. Nc3 Bxe3 22. fxe3 Nb6 23. Nxd5 Nxd5 24. Kf2 Rc8 25. Rac1 f5 26. Rxc8+ Kxc8 27. Rd4 Kc7 28. a3 Nb6 29. Ke2 e5 30. Rd2 g5 31. g3 Nd7 32. Rd1 f4 33. gxf4 exf4 34. exf4 gxf4 35. Rf1 f3+ 36. Ke3 Nf6 37. Kf4 Kd6 38. Kf5 Ke7 39. a4 Kf7 40. b4 Nd5 41. Kxe4 Nc3+ 42. Kxf3 Nxa4 43. Rc1 b5 44. Ke4 Ke6 45. Rc6+ Kd7 46. Rh6 1-0

[Event "Hampshire Major"]
[Site "Eastleigh"]
[Date "2015.11.06"]
[Round "1"]
[White "Conway, Alex"]
[Black "Stone, Mark"]
[Result "1/2-1/2"]
[WhiteElo "1784"]
[BlackElo "1624"]
[PlyCount "67"]
[EventDate "2015.11.06"]
[EventType "swiss"]
[EventRounds "6"]
[EventCountry "ENG"]
[SourceTitle "BritBase"]
[Source "John Saunders"]
[SourceDate "2015.11.13"]
[SourceVersion "1"]
[SourceVersionDate "2015.11.13"]
[SourceQuality "1"]

1. e4 d5 2. exd5 Qxd5 3. Nc3 Qa5 4. d4 Nf6 5. Bd2 c6 6. Nf3 Bf5 7. Bc4 e6 8. O-O Bb4 9. a3 Bxc3 10. Bxc3 Qc7 11. Re1 O-O 12. Ne5 Nbd7 13. Qf3 Nxe5 14. dxe5 Nd5 15. Bd3 Bxd3 16. Qxd3 Nxc3 17. Qxc3 Rad8 18. f4 Rd5 19. Rad1 Rfd8 20. Rd3 Rxd3 21. cxd3 Qb6+ 22. Kf1 Qd4 23. Ke2 Qxf4 24. Qa5 Rd5 25. Qxa7 Rxe5+ 26. Kd1 Qg4+ 27. Kc2 Re2+ 28. Kc3 g6 29. Rxe2 Qxe2 30. Qxb7 Qe5+ 31. Kc4 Qd5+ 32. Kc3 Kg7 33. a4 e5 34. Qb4 1/2-1/2

[Event "Hampshire Major"]
[Site "Eastleigh"]
[Date "2015.11.06"]
[Round "1"]
[White "Sawers, Kevin"]
[Black "Foley, Phil T"]
[Result "1-0"]
[WhiteElo "1616"]
[BlackElo "1736"]
[PlyCount "63"]
[EventDate "2015.11.06"]
[EventType "swiss"]
[EventRounds "6"]
[EventCountry "ENG"]
[SourceTitle "BritBase"]
[Source "John Saunders"]
[SourceDate "2015.11.13"]
[SourceVersion "1"]
[SourceVersionDate "2015.11.13"]
[SourceQuality "1"]

1. e4 c5 2. Nf3 e6 3. b3 Nf6 4. d3 d6 5. Bb2 Nc6 6. Be2 Be7 7. O-O Qc7 8. Nbd2 a6 9. c3 b6 10. d4 Bb7 11. Rc1 Rd8 12. Qc2 h6 13. Bd3 Nh7 14. d5 Ne5 15. Nxe5 dxe5 16. dxe6 f6 17. Rcd1 Qd6 18. Bc4 O-O 19. Nf3 Qc7 20. Rd7 Rxd7 21. exd7+ Kh8 22. Nh4 Ng5 23. Ng6+ Kh7 24. Nxf8+ Bxf8 25. h4 b5 26. Bd5 Nf3+ 27. gxf3 Qxd7 28. Bxb7 Qxb7 29. Kg2 Qf7 30. Qd3 Qh5 31. Qd7 Qxh4 32. Qg4 1-0

[Event "Hampshire Major"]
[Site "Eastleigh"]
[Date "2015.11.06"]
[Round "1"]
[White "Moore, Gillian A"]
[Black "Sellen, John R"]
[Result "1-0"]
[WhiteElo "1712"]
[BlackElo "1616"]
[PlyCount "99"]
[EventDate "2015.11.06"]
[EventType "swiss"]
[EventRounds "6"]
[EventCountry "ENG"]
[SourceTitle "BritBase"]
[Source "John Saunders"]
[SourceDate "2015.11.13"]
[SourceVersion "1"]
[SourceVersionDate "2015.11.13"]
[SourceQuality "1"]

1. d4 f5 2. e4 fxe4 3. Nc3 Nf6 4. g4 h6 5. f3 d5 6. g5 hxg5 7. Bxg5 c6 8. Bg2 Qd6 9. fxe4 dxe4 10. Bxf6 Qxf6 11. Nxe4 Qh4+ 12. Ng3 Bg4 13. Qd3 Bh5 14. Nf3 Qg4 15. O-O-O Bg6 16. Qb3 Qf4+ 17. Kb1 Qc7 18. Ne5 Bh7 19. Rhf1 Bg8 20. Qf3 Nd7 21. Ng6 Bd5 22. Ne4 Nf6 23. Nxh8 Bxe4 24. Qf2 Qxh2 25. Bxe4 Qxh8 26. Bg6+ Kd8 27. Rh1 Qg8 28. Rdf1 e6 29. Rh4 Bd6 30. Rfh1 Kc7 31. c4 e5 32. c5 Be7 33. dxe5 Nd5 34. Rh8 Qxh8 35. Rxh8 Rxh8 36. Be4 Nb4 37. Qf7 Kd8 38. Qxg7 Rf8 39. Qg2 Bxc5 40. Qd2+ Kc7 41. Qd1 Rg8 42. Bd3 Nxd3 43. Qxd3 Rg1+ 44. Kc2 Rg2+ 45. Kc3 Rg7 46. e6 Bd6 47. Qf1 Be7 48. Kc2 Kd6 49. Qf5 Rg2+ 50. Kc3 1-0

[Event "Hampshire Major"]
[Site "Eastleigh"]
[Date "2015.11.06"]
[Round "1"]
[White "Smith, Chris"]
[Black "Williams, Robin"]
[Result "1-0"]
[WhiteElo "1616"]
[BlackElo "1736"]
[PlyCount "105"]
[EventDate "2015.11.06"]
[EventType "swiss"]
[EventRounds "6"]
[EventCountry "ENG"]
[SourceTitle "BritBase"]
[Source "John Saunders"]
[SourceDate "2015.11.13"]
[SourceVersion "1"]
[SourceVersionDate "2015.11.13"]
[SourceQuality "1"]

1. c4 b6 2. Nc3 Bb7 3. Nf3 e6 4. g3 Bxf3 5. exf3 c5 6. f4 Nc6 7. Bg2 Rc8 8. O-O Nf6 9. b3 d5 10. cxd5 exd5 11. d4 Nxd4 12. Be3 Nxb3 13. axb3 d4 14. Rxa7 dxc3 15. Qxd8+ Kxd8 16. Rc1 Rc7 17. Rd1+ Nd7 18. Ra8+ Ke7 19. Re1 Kf6 20. Rc1 g6 21. Rxc3 Bg7 22. Rxh8 Bxh8 23. Bd4+ Ke7 24. Re3+ Kf8 25. Bxh8 f6 26. Bd5 b5 27. Be6 f5 28. Be5 Nxe5 29. fxe5 Kg7 30. Bd5 g5 31. e6 Re7 32. b4 cxb4 33. Rb3 Rc7 34. Rxb4 Rc5 35. e7 Rc1+ 36. Kg2 Re1 37. Rxb5 Rxe7 38. Rb7 Rxb7 39. Bxb7 h5 40. f4 Kf6 41. Kf3 Kg6 42. h4 gxf4 43. Kxf4 Kf6 44. Bc8 Kg6 45. Bxf5+ Kh6 46. Be4 Kg7 47. Kg5 Kg8 48. Kxh5 Kh8 49. g4 Kg7 50. g5 Kh8 51. Kg6 Kg8 52. Kf6 Kf8 53. Bd5 1-0

[Event "Hampshire Major"]
[Site "Eastleigh"]
[Date "2015.11.07"]
[Round "2"]
[White "Allen, Les"]
[Black "Moore, Gillian A"]
[Result "1/2-1/2"]
[WhiteElo "1872"]
[BlackElo "1712"]
[PlyCount "51"]
[EventDate "2015.11.06"]
[EventType "swiss"]
[EventRounds "6"]
[EventCountry "ENG"]
[SourceTitle "BritBase"]
[Source "John Saunders"]
[SourceDate "2015.11.13"]
[SourceVersion "1"]
[SourceVersionDate "2015.11.13"]
[SourceQuality "1"]

1. d4 d5 2. Bg5 h6 3. Bh4 c6 4. e3 Qb6 5. b3 e5 6. c3 exd4 7. exd4 Be6 8. Bd3 Nd7 9. Nf3 Ngf6 10. O-O Be7 11. Nbd2 g5 12. Bg3 Nh5 13. Re1 Nxg3 14. hxg3 g4 15. Ne5 Nxe5 16. Rxe5 Bf6 17. Rxe6+ fxe6 18. Qxg4 Kd7 19. Re1 Raf8 20. Qg6 Qd8 21. Be2 Kc7 22. Bf3 Kb6 23. b4 Bg5 24. Nb3 Qf6 25. Qxf6 Bxf6 26. Nc5 1/2-1/2

[Event "Hampshire Major"]
[Site "Eastleigh"]
[Date "2015.11.07"]
[Round "2"]
[White "Wilson, Matthew R"]
[Black "Sawers, Kevin"]
[Result "1-0"]
[WhiteElo "1872"]
[BlackElo "1616"]
[PlyCount "59"]
[EventDate "2015.11.06"]
[EventType "swiss"]
[EventRounds "6"]
[EventCountry "ENG"]
[SourceTitle "BritBase"]
[Source "John Saunders"]
[SourceDate "2015.11.13"]
[SourceVersion "1"]
[SourceVersionDate "2015.11.13"]
[SourceQuality "1"]

1. e4 c5 2. Nc3 e6 3. f4 Nc6 4. Nf3 a6 5. d3 g6 6. Be2 Bg7 7. O-O Nd4 8. e5 Nxe2+ 9. Qxe2 d5 10. exd6 Qxd6 11. Ne4 Qc7 12. Ne5 Nf6 13. Nxf6+ Bxf6 14. Ng4 Bg7 15. f5 Bd4+ 16. Kh1 h5 17. Bf4 Qe7 18. f6 Qf8 19. Ne5 Bxe5 20. Qxe5 Bd7 21. Qc7 h4 22. Qxb7 Rc8 23. Qxa6 Rh5 24. h3 e5 25. Rae1 Rc6 26. Qa8+ Rc8 27. Qd5 Be6 28. Rxe5 Rf5 29. Qb7 Rxe5 30. Bxe5 1-0

[Event "Hampshire Major"]
[Site "Eastleigh"]
[Date "2015.11.07"]
[Round "2"]
[White "Matthew, Ian G"]
[Black "Desmedt, Richard"]
[Result "1/2-1/2"]
[WhiteElo "1704"]
[BlackElo "1816"]
[PlyCount "60"]
[EventDate "2015.11.06"]
[EventType "swiss"]
[EventRounds "6"]
[EventCountry "ENG"]
[SourceTitle "BritBase"]
[Source "John Saunders"]
[SourceDate "2015.11.13"]
[SourceVersion "1"]
[SourceVersionDate "2015.11.13"]
[SourceQuality "1"]

1. e4 d5 2. exd5 Nf6 3. d4 Nxd5 4. c4 Nb6 5. Nf3 g6 6. Be3 Bg7 7. h3 O-O 8. Nc3 Nc6 9. Be2 f5 10. c5 Nd5 11. Bc4 e6 12. Bg5 Bf6 13. Bh6 Re8 14. Qd2 Kh8 15. O-O Nxc3 16. bxc3 Na5 17. Bd3 Qd5 18. c4 Nxc4 19. Bxc4 Qxc4 20. Ne5 Qd5 21. Qf4 Bxe5 22. dxe5 Qxc5 23. Rac1 Qe7 24. Bg5 Qf7 25. Rfd1 b6 26. Rd4 Bb7 27. Qd2 Bd5 28. Rh4 c5 29. Kh2 Rac8 30. g4 Rc7 1/2-1/2